| 000 | 00432nam a2200169Ia 4500 | ||
|---|---|---|---|
| 005 | 20250508153004.0 | ||
| 008 | 008 250505s9999 xx 000 0 urd d | ||
| 037 | _aTextual | ||
| 040 |
_aFEDL _beng _cFEDL |
||
| 041 |
_aurd _2eng |
||
| 084 |
_a330, AGG _qFEDL |
||
| 100 |
_aAggarwal A. N. _9507749 |
||
| 245 | 0 | _aElementary economics | |
| 650 | _aEconomics | ||
| 942 |
_cTEXL _h330, AGG |
||
| 999 |
_c1340009 _d1340009 |
||